|
|
|
|
| LEADER |
00635cam a2200193 7i4500 |
| 001 |
0000028829 |
| 005 |
20130516090000.0 |
| 020 |
0 |
0 |
|a 9780415580540
|
| 090 |
0 |
0 |
|a ASIA 327.5
|b ROU
|
| 245 |
0 |
0 |
|a Routledge handbook of Asian regionalism 2012.
|
| 260 |
0 |
0 |
|a London:
|b Routledge,
|c 2012.
|
| 300 |
# |
# |
|a 488 p.
|
| 650 |
0 |
0 |
|a Regionalism --
|z Asia
|
| 650 |
0 |
0 |
|a Regionalism (International Organization) --
|z Asia
|
| 650 |
0 |
0 |
|a Asia --
|x Foreign relations --
|y 1945-
|
| 650 |
0 |
0 |
|a Asia --
|x Politics and government --
|y 1945-
|
| 700 |
1 |
0 |
|a Beeson,
|h Mark
|
| 700 |
1 |
0 |
|a Stubbs,
|h Richard
|
| 999 |
|
|
|a B000032297
|b Book
|c Regions
|e Business Information Centre
|